| 000 | 00712nam a2200205Ii 4500 | ||
|---|---|---|---|
| 003 | JO-AjNU | ||
| 008 | 230605s9999||||xx |||||||||||||| ||und|| | ||
| 040 |
_aJO-AjNU _bara _erda _cJO-AjNU |
||
| 041 | _aara | ||
| 050 | 1 | 4 | _aBP192.A7.A8364 1994 |
| 100 | 3 |
_aالاشقر، عمر سليمان عبد الله, _eauthor _941181 |
|
| 245 | 0 | 0 | _aمعتقد الإمام أبي الحسن الأشعري ومنهجه |
| 250 | _aط1 | ||
| 264 | 3 | 1 | _aعمان: دار النفائس للنشر والتوزيع، 1994 |
| 300 | _a114ص | ||
| 336 |
_atext _btxt _2rdacontent |
||
| 337 |
_aunmediated _bn _2rdamedia |
||
| 338 |
_avolume _bnc _2rdacarrier |
||
| 650 | 4 |
_aالأشاعرة- فرقة اسلامية _941182 |
|
| 999 |
_aA17537 _c21105 _d21105 |
||